000 01189nam a2200301 c 4500
999 _c161666
_d161666
003 BLK
005 20220228112154.0
008 180410b bul|||||r ||||||| ||bul||
010 _aKNG00168999000
040 _aBLK
041 _aBUL
_cBUL
072 7 _2bullib
_aК
_xКраезнание
080 _aБългарска литература
_b821.163.2
_x-1
_z821.163.2-1
080 _aБългарска литература
_b821.163.2
_x-32
_z821.163.2-32
139 _aХоризонти
_bХ 68
245 1 0 _aХоризонти
_bСборник
257 _aBGR
260 _bв. Дунавско дело
_c1972
300 _a63 с.
_c18 см
380 _aX
500 _aИзд. на Лит. кръжок "Ал. Константинов" при ч-ще "Еленка и Кирил Д. Аврамови" гр. Свищов. - Притурка на в. Дунавско дело (Свищов). - 1600 тир.
659 _aК
852 _aЦб І 12990
852 _aК 821.163.2/Х 68
856 4 _qpdf
856 4 _qpdf
942 _cKNG
_n0
_s1
944 _aCR
_c18.12.2014
_l18.12.2014 - от С1,Р / 18.12.2014
_kНора_Радева
944 _aED
_c18.12.2014
_l18.12.2014 - от С1,Р / 18.12.2014
999 _d161666